| 000 | 00514cam a2200193ua 4500 | ||
|---|---|---|---|
| 001 | 10255 | ||
| 008 | 171109n ii |||gr||||Z||||||eng | ||
| 020 | _a9788125046530 | ||
| 040 | _cMAIN | ||
| 041 | _aeng | ||
| 082 | _a954.162 | ||
| 100 |
_aGoswami, Priyam, _eAuthor. |
||
| 245 |
_aThe history of Assam : _bfrom Yandabo to partition, 1826-1947 / _cBy Priyam Goswami . |
||
| 250 | _a1st ed. | ||
| 260 |
_aHyderabad: _bOrient blackswan, _c2017. |
||
| 300 | _a300 p. | ||
| 653 | _aSouth Asia India | ||
| 942 | _cBK | ||
| 999 |
_c9251 _d9251 |
||